|
|
|
|
| LEADER |
02270nam a2200517 a 4500 |
| 001 |
nkc20142632265 |
| 003 |
CZ PrNK |
| 005 |
20181127235008.0 |
| 007 |
ta |
| 008 |
141010s2014 xr a e p 000 0 cze |
| 015 |
|
|
|a cnb002632265
|
| 020 |
|
|
|a 978-80-7013-566-2
|q (brož.)
|
| 035 |
|
|
|a (OCoLC)897870137
|
| 040 |
|
|
|a BOA001
|b cze
|d ABA001
|d OLA001
|
| 072 |
|
7 |
|a 681
|x Přesná mechanika a přístroje
|2 Konspekt
|9 19
|
| 072 |
|
7 |
|a 37.016
|x Učební osnovy. Vyučovací předměty. Učebnice
|2 Konspekt
|9 22
|
| 080 |
|
|
|a 681.73
|2 MRF
|
| 080 |
|
|
|a 62:005.83
|2 MRF
|
| 080 |
|
|
|a (075.8)
|2 MRF
|
| 100 |
1 |
|
|a Veselý, Petr,
|d 1978 září 14.-
|7 mub2013746480
|4 aut
|
| 245 |
1 |
0 |
|a Konvenční a free-form technologie výroby brýlových čoček /
|c Petr Veselý, Peter Šimovič, Sylvie Petrová
|
| 250 |
|
|
|a Vyd. 1.
|
| 260 |
|
|
|a Brno :
|b Národní centrum ošetřovatelství a nelékařských zdravotnických oborů,
|c 2014
|
| 300 |
|
|
|a 140 s. :
|b il. (převážně barev.) ;
|c 21 cm
|
| 504 |
|
|
|a Obsahuje bibliografii
|
| 521 |
8 |
|
|a Určeno pro studující oboru Optika a optometrie
|
| 650 |
0 |
7 |
|a brýle
|7 ph119010
|2 czenas
|
| 650 |
0 |
7 |
|a oční optika
|7 ph123898
|2 czenas
|
| 650 |
0 |
7 |
|a výrobní technologie
|7 ph116703
|2 czenas
|
| 650 |
0 |
9 |
|a eyeglasses
|2 eczenas
|
| 650 |
0 |
9 |
|a eye optics
|2 eczenas
|
| 650 |
0 |
9 |
|a manufacturing technology
|2 eczenas
|
| 655 |
|
7 |
|a učebnice vysokých škol
|7 fd133772
|2 czenas
|
| 655 |
|
9 |
|a textbooks (higher)
|2 eczenas
|
| 700 |
1 |
|
|a Šimovič, Peter
|7 mzk2014843875
|4 aut
|
| 700 |
1 |
|
|a Petrová, Sylvie,
|d 1953-
|7 mzk2004229410
|4 aut
|
| 710 |
2 |
|
|a Národní centrum ošetřovatelství a nelékařských zdravotnických oborů
|7 kn20030724009
|
| 856 |
4 |
1 |
|u http://www.digitalniknihovna.cz/mzk/uuid/uuid:42364ae0-db6e-11e8-bc37-005056827e51
|y Digitalizovaný dokument
|x NDK
|
| 910 |
2 |
|
|a BOA001
|b 2-1332.889
|
| 928 |
9 |
|
|a NCONZO
|
| 990 |
|
|
|a BK
|
| 995 |
|
|
|a 01
|
| 991 |
|
|
|b 201410
|c NOV
|e n
|j 681.7 VEL
|
| 996 |
6 |
|
|b 2610607019
|c 2-1332.889
|l MZK
|r Sklad / do 1 hodiny
|n 0
|p p.v.
|w 001462937
|u 000010
|a 1
|e BOA001
|j MZK50
|s P
|
| 996 |
6 |
|
|b 2610607020
|c 2-1332.889
|l MZK
|r STM 6p
|n 0
|p p.v.
|h 681.7 VEL
|w 001462937
|u 000020
|a 0
|e BOA001
|j MZK50
|s P
|
| 996 |
7 |
|
|b 2610622559
|c 2-1332.889
|l Vol.výběr
|r VV 1p
|n 14
|p kup
|h 681.7 VEL
|w 001462937
|u 000030
|a 0
|e BOA001
|j MZK50
|s A
|